[Event "Sparkassen Chess Trophy 2024 A-Open"]
[Site "Dortmund"]
[Date "2024.08.13"]
[Round "4"]
[White "Murawski, Jan"]
[Black "Moeller, Maurin"]
[Result "1/2-1/2"]
[WhiteElo "2093"]
[BlackElo "2082"]
[PlyCount "110"]
[EventDate "2024.08.10"]

1. d4 Nf6 2. c4 g6 3. Nc3 d5 4. cxd5 Nxd5 5. e4 Nxc3 6. bxc3 Bg7 7. Bc4 c5 8. Ne2 Nc6 9. Be3 O-O 10. O-O Bg4 11. f3 Na5 12. Bd5 Bd7 13. Rb1 cxd4 14. cxd4 Rc8 15. Bxb7 Rc4 16. Ba6 Ra4 17. Qd2 Qc7 18. Nc3 Nc4 19. Bxc4 Rxc4 20. Rfc1 Rc8 21. Ne2 Qd6 22. Rxc4 Rxc4 23. Qa5 h6 24. Qxa7 Rb4 25. Rxb4 Qxb4 26. Kf2 Bb5 27. a4 Bxa4 28. Qc5 Qb2 29. Qc3 Qb8 30. g3 Qb7 31. Qd2 Bb5 32. d5 h5 33. Nd4 Bd7 34. Qc2 Bh3 35. Ne2 Qc8 36. Qd1 Be5 37. Ng1 Bd7 38. Kg2 Qc4 39. Nh3 Bb5 40. Qe1 Qc2+ 41. Qf2 Qd1 42. Qg1 Qe2+ 43. Bf2 Qd3 44. Bb6 Qe2+ 45. Nf2 h4 46. Qd1 h3+ 47. Kxh3 Qxd1 48. Nxd1 Be2 49. Nf2 Bxf3 50. Bc5 Kf8 51. Ng4 f6 52. Nxe5 fxe5 53. d6 exd6 54. Bxd6+ Kf7 55. Bxe5 Bxe4 1/2-1/2

[Event "Sparkassen Chess Trophy 2024 A-Open"]
[Site "Dortmund"]
[Date "2024.08.13"]
[Round "4"]
[White "Ohler, Julius"]
[Black "Sommer, Justus"]
[Result "1-0"]
[WhiteElo "2182"]
[BlackElo "2075"]
[PlyCount "115"]
[EventDate "2024.08.10"]

1. c4 e6 2. g3 d5 3. Bg2 Nf6 4. Nf3 Be7 5. O-O O-O 6. b3 b6 7. d4 Bb7 8. Nc3 Nbd7 9. Bb2 c5 10. Ne1 Qc8 11. cxd5 exd5 12. dxc5 Nxc5 13. Rc1 Qf5 14. Nc2 Rad8 15. Nd4 Qg6 16. b4 Ncd7 17. Qa4 a6 18. Nd1 Rc8 19. Ne3 b5 20. Qb3 Nb6 21. Ndf5 Bd8 22. Qa3 Rxc1 23. Rxc1 Nc4 24. Nxc4 Qxf5 25. Ne3 Qe6 26. Bd4 Ne4 27. Qb2 f6 28. Bc5 Re8 29. Rd1 Bc7 30. Qb3 Rd8 31. Rd4 Kf7 32. Bf3 g6 33. Rd1 Bc6 34. Nc2 Nxc5 35. bxc5 Ba8 36. Nb4 d4 37. Nxa6 Bxf3 38. Qxe6+ Kxe6 39. Nxc7+ Kd7 40. Nxb5 Bxe2 41. Rxd4+ Kc8 42. Rxd8+ Kxd8 43. Nd4 Bc4 44. a3 Kc7 45. f4 Kb7 46. Kf2 Ka6 47. Ke3 Ka5 48. Kd2 Bd5 49. Ne2 Bg2 50. Nc3 Ka6 51. Ke3 Kb7 52. Kd4 Kc6 53. Ne4 f5 54. Ng5 h6 55. Nf7 Kd7 56. Ne5+ Ke6 57. Nxg6 Kf6 58. Ne5 1-0

[Event "Sparkassen Chess Trophy 2024 A-Open"]
[Site "Dortmund"]
[Date "2024.08.13"]
[Round "4"]
[White "Engel, Bruno"]
[Black "Kruse, Victor"]
[Result "1/2-1/2"]
[WhiteElo "2211"]
[BlackElo "2063"]
[PlyCount "36"]
[EventDate "2024.08.10"]

1. e4 c6 2. d4 d5 3. e5 Bf5 4. Nf3 e6 5. Be2 Nd7 6. O-O a5 7. Nc3 a4 8. Bd2 f6 9. Re1 fxe5 10. dxe5 Bc5 11. Bd3 Qb6 12. Qe2 Ne7 13. Bxf5 Nxf5 14. b3 axb3 15. axb3 Rxa1 16. Rxa1 O-O 17. Na4 Qa7 18. Qe1 Be7 1/2-1/2

[Event "Sparkassen Chess Trophy 2024 A-Open"]
[Site "Dortmund"]
[Date "2024.08.13"]
[Round "4"]
[White "Krams, Amatus"]
[Black "Follesa, Enrico"]
[Result "0-1"]
[WhiteElo "1902"]
[BlackElo "2241"]
[PlyCount "76"]
[EventDate "2024.08.10"]

1. e4 c5 2. Nf3 d6 3. d4 cxd4 4. Nxd4 Nf6 5. Nc3 a6 6. Be3 e6 7. f3 b5 8. Qd2 Nbd7 9. O-O-O b4 10. Nce2 d5 11. exd5 Nxd5 12. Nf4 N7f6 13. g4 Nxf4 14. Bxf4 Bb7 15. g5 Nd5 16. Be5 Bd6 17. Bxd6 Qxd6 18. Bc4 Nb6 19. Be2 O-O 20. Nb3 Bd5 21. Qe3 Rfc8 22. Kb1 a5 23. Rhf1 a4 24. Nc1 Qc7 25. Rd2 a3 26. b3 Bb7 27. Bc4 Nxc4 28. bxc4 Qxc4 29. Rfd1 Bd5 30. Nb3 Qa6 31. f4 Rc3 32. Qe5 Rf3 33. f5 Rf1 34. fxe6 Rxd1+ 35. Rxd1 fxe6 36. h4 Rc8 37. h5 Qc4 38. Qh2 Qc3 0-1

[Event "Sparkassen Chess Trophy 2024 A-Open"]
[Site "Dortmund"]
[Date "2024.08.13"]
[Round "4"]
[White "Brotto, Alessandro"]
[Black "Panjer, Sidney"]
[Result "1/2-1/2"]
[WhiteElo "2037"]
[BlackElo "2208"]
[PlyCount "49"]
[EventDate "2024.08.10"]

1. e4 e5 2. Nf3 Nc6 3. Bb5 a6 4. Ba4 Nf6 5. O-O b5 6. Bb3 Bc5 7. a4 Rb8 8. Nxe5 Nxe5 9. d4 Bxd4 10. Qxd4 d6 11. axb5 axb5 12. f4 Nc6 13. Qc3 Ne7 14. Ra7 c5 15. e5 Nfd5 16. Bxd5 Nxd5 17. Qd3 Qb6 18. Rxf7 c4+ 19. Kh1 Kxf7 20. Qxd5+ Be6 21. Qd1 Bf5 22. Qd5+ Be6 23. Qd1 Bf5 24. Qd5+ Be6 25. Qd1 1/2-1/2

[Event "Sparkassen Chess Trophy 2024 A-Open"]
[Site "Dortmund"]
[Date "2024.08.13"]
[Round "4"]
[White "Keyser, Robin"]
[Black "Ranieri, Pierpaolo"]
[Result "1-0"]
[WhiteElo "2229"]
[BlackElo "1909"]
[PlyCount "123"]
[EventDate "2024.08.10"]

1. d4 d5 2. Nf3 Nf6 3. c4 c6 4. g3 Bf5 5. Nc3 e6 6. Nh4 Be4 7. f3 Bg6 8. Qb3 Qb6 9. Nxg6 hxg6 10. c5 Qxb3 11. axb3 Be7 12. e3 a6 13. b4 O-O 14. b5 cxb5 15. Bxb5 Nc6 16. Bxc6 bxc6 17. Kd1 Nd7 18. Kc2 e5 19. Bd2 Bf6 20. Ra4 exd4 21. exd4 Rfc8 22. Kd3 Nf8 23. Rha1 Ne6 24. Ne2 Rab8 25. b4 Nc7 26. Nc1 Kf8 27. Bf4 g5 28. Bd6+ Ke8 29. Bxc7 Rxc7 30. Kc3 Kd7 31. Rxa6 Rh8 32. R1a2 Re8 33. Re2 Rb8 34. Nd3 Rcb7 35. Ra4 Rh8 36. Ne1 g6 37. Nc2 Bg7 38. Ra1 Bf6 39. Ne1 Rhb8 40. Nd3 Bg7 41. Rae1 Bf6 42. Ne5+ Bxe5 43. Rxe5 Rh8 44. Re7+ Kc8 45. Rxb7 Kxb7 46. Re7+ Kb8 47. Re2 Kc7 48. Kb3 f5 49. b5 cxb5 50. Kb4 Ra8 51. Re7+ Kd8 52. Re6 Ra4+ 53. Kxb5 Rxd4 54. Kc6 g4 55. fxg4 Rxg4 56. Kd6 Re4 57. Kxd5 Ra4 58. Rxg6 Ra2 59. h4 Rg2 60. Ke5 Rc2 61. c6 Rc5+ 62. Kd6 1-0

[Event "Sparkassen Chess Trophy 2024 A-Open"]
[Site "Dortmund"]
[Date "2024.08.13"]
[Round "4"]
[White "Hoppe, Thilo"]
[Black "Noeldner, Julian"]
[Result "0-1"]
[WhiteElo "2101"]
[BlackElo "2189"]
[PlyCount "102"]
[EventDate "2024.08.10"]

1. d4 Nf6 2. c4 g6 3. Nc3 d5 4. cxd5 Nxd5 5. e4 Nxc3 6. bxc3 Bg7 7. Bc4 c5 8. Ne2 O-O 9. Be3 Nc6 10. O-O Bg4 11. f3 Bd7 12. Rc1 Rc8 13. Qd2 Qa5 14. Qb2 Qb6 15. Qd2 Rfd8 16. Rfd1 Be8 17. d5 e6 18. Bb3 Na5 19. Qc2 exd5 20. Bxd5 Qa6 21. c4 Nc6 22. Rd2 Nd4 23. Qb1 b5 24. cxb5 Bxb5 25. Nc3 Qa3 26. Bb3 Bd3 27. Qb2 Qa5 28. a3 Nc6 29. Bd5 Ba6 30. Bxc6 Rxc6 31. Rxd8+ Qxd8 32. Qc2 Bc4 33. Rd1 Bd4 34. Bf2 Rd6 35. Nd5 Bxd5 36. Bxd4 cxd4 37. exd5 Rxd5 38. Qd3 Qe7 39. h3 h5 40. Kf1 Qd6 41. Kg1 Qf4 42. Kh1 Re5 43. Qc4 Re3 44. Qa4 Qe5 45. Qb4 d3 46. Qd2 Qd4 47. Kh2 Qd6+ 48. Kg1 Re2 49. Qg5 d2 50. Qh4 Qd3 51. Kh2 Rxg2+ 0-1

[Event "Sparkassen Chess Trophy 2024 A-Open"]
[Site "Dortmund"]
[Date "2024.08.13"]
[Round "4"]
[White "Gasper, Joern"]
[Black "Spriestersbach, Kai"]
[Result "1/2-1/2"]
[WhiteElo "2000"]
[BlackElo "2164"]
[PlyCount "52"]
[EventDate "2024.08.10"]

1. Nf3 Nf6 2. b3 g6 3. Bb2 Bg7 4. g3 O-O 5. Bg2 d5 6. O-O c5 7. c4 d4 8. b4 Nfd7 9. d3 Na6 10. b5 Nc7 11. Nbd2 Re8 12. Nb3 b6 13. a4 a5 14. Qc2 Bb7 15. e3 e5 16. exd4 exd4 17. Rae1 Qf6 18. Nbd2 g5 19. Ne5 Bxg2 20. Nxd7 Qd6 21. Kxg2 Qxd7 22. Qd1 g4 23. h3 h5 24. hxg4 hxg4 25. Bc1 f5 26. f3 Rxe1 1/2-1/2

[Event "Sparkassen Chess Trophy 2024 A-Open"]
[Site "Dortmund"]
[Date "2024.08.13"]
[Round "4"]
[White "Gallas, Noel"]
[Black "Collin, Moritz Valentin"]
[Result "0-1"]
[WhiteElo "2053"]
[BlackElo "2234"]
[PlyCount "70"]
[EventDate "2024.08.10"]

1. e4 c5 2. Nf3 e6 3. d4 cxd4 4. Nxd4 Nc6 5. Nc3 Qc7 6. Be3 a6 7. g4 Nxd4 8. Qxd4 b5 9. O-O-O Bb7 10. f3 Rc8 11. Qd2 Bb4 12. Bd4 f6 13. a3 Bd6 14. Be3 Be5 15. Ne2 Ne7 16. Bg2 d5 17. f4 Bd6 18. Nd4 dxe4 19. Nxe6 Qc4 20. Nxg7+ Kf7 21. Bf1 Qc7 22. Nf5 Nxf5 23. gxf5 Rhd8 24. Qf2 Bxf4 25. c3 Bxe3+ 26. Qxe3 Qc5 27. Qxc5 Rxd1+ 28. Kxd1 Rxc5 29. Bh3 e3 30. Re1 Bf3+ 31. Kc2 e2 32. Kd3 Rd5+ 33. Ke3 Rd1 34. Kf2 Rxe1 35. Kxe1 Ke7 0-1

[Event "Sparkassen Chess Trophy 2024 A-Open"]
[Site "Dortmund"]
[Date "2024.08.13"]
[Round "4"]
[White "Rosen, Bernd"]
[Black "Bernig Le Duigou, Vincent"]
[Result "1-0"]
[WhiteElo "2245"]
[BlackElo "1876"]
[PlyCount "101"]
[EventDate "2024.08.10"]

1. c4 c5 2. g3 Nc6 3. Bg2 g6 4. Nc3 Bg7 5. Nf3 d6 6. a3 a5 7. O-O e5 8. d3 Nge7 9. Ne1 Be6 10. Nc2 d5 11. cxd5 Nxd5 12. Ne3 Nb6 13. Bxc6+ bxc6 14. Ne4 Qe7 15. Qc2 Nd7 16. Nc4 O-O 17. a4 h6 18. f4 f5 19. Nf2 Kh7 20. Rb1 Rfe8 21. Re1 e4 22. dxe4 fxe4 23. e3 Nf6 24. Bd2 Qc7 25. Rbc1 Nd5 26. Qxe4 Nb6 27. Bxa5 Bxc4 28. Bxb6 Qxb6 29. Qxc4 Qxb2 30. Re2 Rxa4 31. Rxb2 Rxc4 32. Rxc4 Bxb2 33. Nd3 Ba3 34. Kf2 Kg7 35. Ne5 Kf6 36. Ng4+ Kg7 37. Ra4 Bb4 38. Ra7+ Kf8 39. Ne5 Re6 40. Kf3 h5 41. Rc7 Ba5 42. Rxc6 Rxc6 43. Nxc6 Bc3 44. Ke4 Bd2 45. Ne5 Kg7 46. Kd3 Be1 47. Nf3 Bb4 48. e4 Kf6 49. Kc4 Ke6 50. e5 Kf5 51. Nh4+ 1-0

[Event "Sparkassen Chess Trophy 2024 A-Open"]
[Site "Dortmund"]
[Date "2024.08.13"]
[Round "4"]
[White "Cornelisse, Sam"]
[Black "Albert, Markus"]
[Result "0-1"]
[WhiteElo "2119"]
[BlackElo "2247"]
[PlyCount "70"]
[EventDate "2024.08.10"]

1. d4 d6 2. Nf3 f5 3. Nc3 Nf6 4. Bg5 g6 5. Bxf6 exf6 6. d5 Bg7 7. h4 O-O 8. h5 Re8 9. Qd4 Nd7 10. O-O-O Ne5 11. hxg6 hxg6 12. Qh4 Kf7 13. Qf4 Ng4 14. Nd4 Bh6 15. Rxh6 g5 16. Rh7+ Kg6 17. Qf3 Kxh7 18. Nxf5 Re5 19. e4 Bxf5 20. exf5 Nh6 21. Bd3 Qe7 22. Ne4 Kg7 23. Rh1 Rh8 24. Qh5 Qe8 25. Qf3 Nf7 26. Rxh8 Qxh8 27. Ng3 Re7 28. Qh5 Ne5 29. Be2 Qxh5 30. Nxh5+ Kf7 31. f4 Nd7 32. Bf3 Re1+ 33. Kd2 Rg1 34. Ke3 Rb1 35. b3 Rb2 0-1

[Event "Sparkassen Chess Trophy 2024 A-Open"]
[Site "Dortmund"]
[Date "2024.08.13"]
[Round "4"]
[White "Froeyman, Helmut"]
[Black "Stevens, Titus"]
[Result "1-0"]
[WhiteElo "2252"]
[BlackElo "2005"]
[PlyCount "49"]
[EventDate "2024.08.10"]

1. e4 c5 2. Nf3 d6 3. d4 cxd4 4. Nxd4 Nf6 5. Nc3 Nc6 6. Bg5 e6 7. Qd2 a6 8. O-O-O Be7 9. f4 Bd7 10. Nf3 b5 11. Bxf6 gxf6 12. Kb1 Qb6 13. f5 O-O-O 14. Bd3 h5 15. Ne2 Kb8 16. Nf4 Bf8 17. Qe2 Qc5 18. Rhf1 Ne7 19. Nd2 h4 20. Nb3 Qe5 21. Qe3 Nc8 22. fxe6 Bxe6 23. Nd4 Kb7 24. Ndxe6 fxe6 25. Ng6 1-0

[Event "Sparkassen Chess Trophy 2024 A-Open"]
[Site "Dortmund"]
[Date "2024.08.13"]
[Round "4"]
[White "Burkart, Lloyd Shang"]
[Black "Schimnatkowski, Lukas"]
[Result "1/2-1/2"]
[WhiteElo "2123"]
[BlackElo "2235"]
[PlyCount "49"]
[EventDate "2024.08.10"]

1. c4 c5 2. g3 Nc6 3. Bg2 g6 4. Nc3 Bg7 5. d3 d6 6. e4 e6 7. Nge2 Nge7 8. Be3 Nd4 9. O-O O-O 10. Rb1 Nec6 11. a3 a5 12. Kh1 Rb8 13. f4 b6 14. g4 Bb7 15. Ng3 Kh8 16. g5 f6 17. h4 Ne7 18. Qg4 f5 19. Qh3 Nc2 20. Bd2 d5 21. cxd5 exd5 22. Rbc1 Nd4 23. e5 Kg8 24. h5 Rf7 25. Rfe1 1/2-1/2

[Event "Sparkassen Chess Trophy 2024 A-Open"]
[Site "Dortmund"]
[Date "2024.08.13"]
[Round "4"]
[White "Akhmatovski, Maxim"]
[Black "Song, Ethan"]
[Result "0-1"]
[WhiteElo "2078"]
[BlackElo "2269"]
[PlyCount "98"]
[EventDate "2024.08.10"]

1. c4 e6 2. g3 Nf6 3. Bg2 d5 4. Nf3 Be7 5. O-O O-O 6. b3 b6 7. d4 Bb7 8. Nc3 Nbd7 9. Bb2 Rc8 10. Rc1 Re8 11. e3 a6 12. Ne1 Ba8 13. cxd5 exd5 14. Nd3 Bd6 15. Nf4 c6 16. Re1 Nf8 17. Re2 Rc7 18. Rec2 Ng6 19. Nh5 Nxh5 20. Qxh5 Rce7 21. Qg4 Bb7 22. h4 h6 23. h5 Nf8 24. Qh4 Ne6 25. Nb1 Ng5 26. Nd2 Qd7 27. Nf3 f6 28. Qh1 Ne4 29. Bh3 Qd8 30. Nh4 c5 31. Nf5 Rc7 32. Kg2 Bf8 33. Qd1 Ng5 34. Bg4 Bc8 35. dxc5 bxc5 36. Ba3 d4 37. Nxd4 Bxg4 38. Qxg4 Qd5+ 39. Kh2 cxd4 40. Rxc7 Bxa3 41. Rc8 Nf3+ 42. Kh3 Rxc8 43. Rxc8+ Bf8 44. exd4 f5 45. Qg6 Nxd4 46. f3 Qxf3 47. Rxf8+ Kxf8 48. Qd6+ Kg8 49. Qxd4 Qh1# 0-1

[Event "Sparkassen Chess Trophy 2024 A-Open"]
[Site "Dortmund"]
[Date "2024.08.13"]
[Round "4"]
[White "Gallana, Marco"]
[Black "Winkler, Yonathan"]
[Result "1-0"]
[WhiteElo "2276"]
[BlackElo "2047"]
[PlyCount "67"]
[EventDate "2024.08.10"]

1. Nf3 d5 2. e3 Nf6 3. c4 c6 4. Nc3 g6 5. d4 Bg7 6. Be2 O-O 7. O-O Re8 8. Bd2 Nbd7 9. cxd5 cxd5 10. Qb3 Nb6 11. a4 Bg4 12. Rfc1 Bxf3 13. Bxf3 Nc4 14. Be1 e6 15. Be2 Na5 16. Qd1 Nc6 17. a5 Nxa5 18. Nxd5 Nxd5 19. Bxa5 b6 20. Be1 e5 21. Bb5 Re7 22. Bc6 exd4 23. Qb3 Re5 24. Bxa8 Qxa8 25. Qc4 Re8 26. Rd1 h5 27. Rac1 h4 28. h3 Qd8 29. Qc6 Kh7 30. Qb7 f5 31. Rxd4 Re7 32. Qxd5 Qe8 33. Rxh4+ Bh6 34. Rd1 1-0

[Event "Sparkassen Chess Trophy 2024 A-Open"]
[Site "Dortmund"]
[Date "2024.08.13"]
[Round "4"]
[White "Fiedorek, Michal"]
[Black "Sabirov, Rafael"]
[Result "1/2-1/2"]
[WhiteElo "2297"]
[BlackElo "2123"]
[PlyCount "37"]
[EventDate "2024.08.10"]

1. e4 c5 2. Nf3 e6 3. c3 Nf6 4. e5 Nd5 5. Bc4 d6 6. d4 cxd4 7. cxd4 Be7 8. O-O O-O 9. Qe2 Bd7 10. Nc3 Nxc3 11. bxc3 Bc6 12. Bf4 Qc7 13. Bd3 Nd7 14. h4 dxe5 15. Nxe5 Nxe5 16. Bxe5 Bd6 17. Bxd6 Qxd6 18. Rfe1 Qf4 19. g3 1/2-1/2

[Event "Sparkassen Chess Trophy 2024 A-Open"]
[Site "Dortmund"]
[Date "2024.08.13"]
[Round "4"]
[White "Schwibbert, Jonas"]
[Black "Scholz, Christian"]
[Result "1/2-1/2"]
[WhiteElo "2147"]
[BlackElo "2305"]
[PlyCount "76"]
[EventDate "2024.08.10"]

1. d4 Nf6 2. c4 g6 3. Nc3 Bg7 4. e4 d6 5. Nf3 O-O 6. Be2 e5 7. O-O Na6 8. d5 Nc5 9. Qc2 a5 10. b3 Bd7 11. Nd2 Ne8 12. a3 f5 13. Rb1 Nf6 14. f3 Bh6 15. exf5 Be3+ 16. Kh1 Bxf5 17. Nde4 Bd4 18. b4 axb4 19. axb4 Ncxe4 20. fxe4 Nxe4 21. Nxe4 Qh4 22. g4 Ra2 23. Bb2 Rxb2 24. Rxb2 Bxe4+ 25. Qxe4 Bxb2 26. Rxf8+ Kxf8 27. b5 Kg7 28. Kg2 Bc1 29. Qf3 Bf4 30. Qh3 Qe1 31. Qf3 Kh6 32. Qd3 Kg5 33. Qf3 Qd2 34. h4+ Kxh4 35. g5 Kxg5 36. Qg4+ Kf6 37. Qe6+ Kg7 38. Qe7+ Kh6 1/2-1/2

[Event "Sparkassen Chess Trophy 2024 A-Open"]
[Site "Dortmund"]
[Date "2024.08.13"]
[Round "4"]
[White "Farokhi, Keyvan"]
[Black "Koehler, Ronald"]
[Result "1-0"]
[WhiteElo "2307"]
[BlackElo "2104"]
[PlyCount "100"]
[EventDate "2024.08.10"]

1. e4 c5 2. c3 Nf6 3. e5 Nd5 4. Nf3 Nc6 5. Bc4 Nb6 6. Bb3 d5 7. exd6 Qxd6 8. O-O Be6 9. Bxe6 Qxe6 10. a4 a6 11. a5 Nd5 12. d4 cxd4 13. Nxd4 Nxd4 14. Qxd4 Rd8 15. Rd1 Rd7 16. Na3 Nb6 17. axb6 Rxd4 18. cxd4 Qxb6 19. d5 Qb3 20. Bf4 f6 21. Rac1 Kf7 22. Rd2 g5 23. Be3 Bg7 24. Rc7 Kg6 25. h4 Rd8 26. Nc4 b5 27. Na5 Qa2 28. Nc6 Rd6 29. Nxe7+ Kh5 30. Nc8 Qb1+ 31. Kh2 Bf8 32. hxg5 Qf5 33. Rc5 fxg5 34. Rd1 h6 35. g3 Rd8 36. d6 Qe6 37. Rdd5 Kg4 38. Rd4+ Kh5 39. Rdd5 Kg6 40. Re5 Qb3 41. Ne7+ Bxe7 42. dxe7 Re8 43. Rc6+ Kf7 44. Bc5 Qxb2 45. Rf5+ Kg7 46. Rf8 Qe2 47. Rg6+ Kxg6 48. Rxe8 Qh5+ 49. Kg2 Kg7 50. Rf8 Qf7 1-0

[Event "Sparkassen Chess Trophy 2024 A-Open"]
[Site "Dortmund"]
[Date "2024.08.13"]
[Round "4"]
[White "Michalke, Guenter"]
[Black "Kueppers, Timo"]
[Result "0-1"]
[WhiteElo "2174"]
[BlackElo "2288"]
[PlyCount "76"]
[EventDate "2024.08.10"]

1. d4 Nf6 2. c4 e6 3. Nf3 c5 4. d5 exd5 5. cxd5 d6 6. Nc3 g6 7. g3 Bg7 8. Bg2 O-O 9. O-O Re8 10. Bf4 Ne4 11. Nxe4 Rxe4 12. Nd2 Rxf4 13. gxf4 Bxb2 14. Rb1 Bg7 15. Nc4 b5 16. Rxb5 Ba6 17. a4 Bxb5 18. axb5 Bf8 19. Qa4 Nd7 20. Na5 a6 21. Nc6 axb5 22. Qxb5 Qb6 23. Qxb6 Nxb6 24. e4 Bh6 25. e5 Bxf4 26. e6 c4 27. Rb1 c3 28. Nd4 Nc4 29. Be4 f5 30. Rb4 Nd2 31. Bc2 Be5 32. Nc6 Nf3+ 33. Kf1 Nxh2+ 34. Kg2 Ng4 35. Rb7 Bf6 36. Na7 Nxf2 37. Ba4 Ng4 38. e7 c2 0-1

[Event "Sparkassen Chess Trophy 2024 A-Open"]
[Site "Dortmund"]
[Date "2024.08.13"]
[Round "4"]
[White "Gallasch, Jonas"]
[Black "Thiel, Thomas"]
[Result "1-0"]
[WhiteElo "2260"]
[BlackElo "2129"]
[PlyCount "95"]
[EventDate "2024.08.10"]

1. Nf3 Nf6 2. c4 g6 3. Nc3 Bg7 4. e4 e5 5. Nxe5 O-O 6. Nf3 Re8 7. d3 d5 8. cxd5 Nxd5 9. Bd2 Nb4 10. Bg5 Qd6 11. Be2 Bg4 12. Rc1 Bxf3 13. gxf3 N8c6 14. h4 Nd4 15. a3 Nxe2 16. Kxe2 Nc6 17. h5 Nd4+ 18. Kf1 Ne6 19. Be3 Rad8 20. Kg2 Nf4+ 21. Bxf4 Qxf4 22. hxg6 Qg5+ 23. Kf1 hxg6 24. Nd5 Be5 25. b4 c6 26. Ne3 Bf4 27. Qe2 Qb5 28. Rd1 Rd4 29. Nc2 Rd6 30. d4 Qg5 31. Qc4 Red8 32. Ke2 Qf6 33. Rh3 Qe6 34. Qxe6 Rxe6 35. Rdh1 Kg7 36. Rh4 Bg5 37. Rh7+ Kf6 38. Rh8 Rd7 39. Ra8 a6 40. Rhh8 Bf4 41. Rh1 Bg5 42. Rhh8 Bf4 43. Kd3 Bc7 44. Ke3 g5 45. Kd3 Bf4 46. Ne3 Bxe3 47. fxe3 Ke7 48. e5 1-0

[Event "Sparkassen Chess Trophy 2024 A-Open"]
[Site "Dortmund"]
[Date "2024.08.13"]
[Round "4"]
[White "Bashirov, Kemal"]
[Black "Reuter, Julian-Frank"]
[Result "1-0"]
[WhiteElo "2339"]
[BlackElo "2091"]
[PlyCount "73"]
[EventDate "2024.08.10"]

1. e4 c5 2. Nf3 d6 3. d4 cxd4 4. Nxd4 Nf6 5. Nc3 a6 6. Be2 e5 7. Nb3 Be7 8. O-O Be6 9. Kh1 O-O 10. f4 exf4 11. Bxf4 Nc6 12. Qe1 Ne5 13. Nd4 Rc8 14. Rd1 Qb6 15. Bc1 Rfe8 16. Qg3 Kh8 17. Be3 Nc6 18. Nxe6 fxe6 19. Bc1 Nd4 20. Be3 e5 21. Nd5 Qa5 22. Bxd4 exd4 23. Nxe7 Rxe7 24. Qxd6 Rce8 25. Qxd4 Qh5 26. Bd3 h6 27. Rde1 Re5 28. Re3 Qh4 29. Rh3 Qg4 30. Qb6 Nxe4 31. Rxh6+ gxh6 32. Qxh6+ Kg8 33. Bc4+ R5e6 34. Bxe6+ Qxe6 35. Rf8+ Rxf8 36. Qxe6+ Rf7 37. h4 1-0

[Event "Sparkassen Chess Trophy 2024 A-Open"]
[Site "Dortmund"]
[Date "2024.08.13"]
[Round "4"]
[White "Zamengo, Fulvio"]
[Black "Kiese, Matthias"]
[Result "1/2-1/2"]
[WhiteElo "2342"]
[BlackElo "2106"]
[PlyCount "154"]
[EventDate "2024.08.10"]

1. e4 c5 2. Nf3 Nc6 3. d4 cxd4 4. Nxd4 g6 5. c4 d6 6. Nc3 Nf6 7. Be2 Nxd4 8. Qxd4 Bg7 9. Be3 O-O 10. Qd3 Be6 11. O-O Qa5 12. Rac1 Nd7 13. f4 f5 14. exf5 Bxf5 15. Qd5+ Qxd5 16. Nxd5 Kf7 17. b3 Be4 18. Rfe1 Nf6 19. Nc3 Bc6 20. Nb5 a6 21. Nd4 Be4 22. h3 b5 23. g4 bxc4 24. Bxc4+ d5 25. Be2 Rfc8 26. Nf3 Bxf3 27. Bxf3 Ne4 28. Rcd1 e6 29. Bxe4 dxe4 30. Rd7+ Kg8 31. Re2 a5 32. Bd4 Bxd4+ 33. Rxd4 a4 34. bxa4 Rc3 35. Kg2 Ra3 36. Rexe4 Rc8 37. Rc4 Rd8 38. Red4 Rb8 39. Rd2 h6 40. h4 Rb7 41. g5 h5 42. Rdc2 Rd7 43. Rc8+ Kf7 44. R2c7 Rxa2+ 45. Kf3 Ra3+ 46. Ke2 Ra2+ 47. Ke3 Ra3+ 48. Rc3 Rxa4 49. Rh8 Kg7 50. Rcc8 Rd5 51. Rcg8+ Kf7 52. Ra8 Rxa8 53. Rxa8 Rb5 54. Ra7+ Kf8 55. Ke4 Rd5 56. Rc7 Ra5 57. Rd7 Rb5 58. Kd3 Rf5 59. Rd4 e5 60. fxe5 Rxe5 61. Rf4+ Kg7 62. Kd4 Ra5 63. Re4 Kf7 64. Ke3 Rb5 65. Rc4 Ra5 66. Kd4 Ke6 67. Ke3 Re5+ 68. Kf4 Rf5+ 69. Kg3 Kf7 70. Rf4 Rxf4 71. Kxf4 Kf8 72. Ke4 Ke8 73. Kd4 Kd8 74. Kd5 Kd7 75. Ke5 Ke7 76. Kd5 Kd7 77. Ke5 Ke7 1/2-1/2

[Event "Sparkassen Chess Trophy 2024 A-Open"]
[Site "Dortmund"]
[Date "2024.08.13"]
[Round "4"]
[White "Waldhausen Gordon, Frederick"]
[Black "Wichtrup, Jan-Louis"]
[Result "1-0"]
[WhiteElo "2342"]
[BlackElo "2138"]
[PlyCount "71"]
[EventDate "2024.08.10"]

1. d4 d5 2. c4 e6 3. Nc3 Nf6 4. Bg5 dxc4 5. e3 a6 6. Bxc4 c5 7. Nf3 b5 8. Bd3 Nbd7 9. O-O Bb7 10. Be4 Bxe4 11. Nxe4 Be7 12. Bxf6 gxf6 13. dxc5 Nxc5 14. Nxc5 Bxc5 15. Qc2 Rc8 16. Rfd1 Qc7 17. Rac1 O-O 18. Qe4 Qe7 19. Rc3 Rfd8 20. Rdc1 Rc7 21. g3 Rdc8 22. b4 Bd6 23. Rxc7 Rxc7 24. Rxc7 Bxc7 25. Qa8+ Kg7 26. Qxa6 Qxb4 27. Nd4 Qb1+ 28. Kg2 Qe4+ 29. Kh3 Qb1 30. Qxb5 Qxa2 31. Kg2 Qa8+ 32. Nc6 f5 33. e4 fxe4 34. Qg5+ Kf8 35. Qe7+ Kg7 36. Qxc7 1-0

[Event "Sparkassen Chess Trophy 2024 A-Open"]
[Site "Dortmund"]
[Date "2024.08.13"]
[Round "4"]
[White "Labruyere, Roger"]
[Black "Hoang, Thanh Trang"]
[Result "1-0"]
[WhiteElo "2189"]
[BlackElo "2354"]
[PlyCount "85"]
[EventDate "2024.08.10"]

1. e4 e6 2. d4 d5 3. Nc3 Nf6 4. e5 Nfd7 5. Nce2 c5 6. c3 Nc6 7. f4 Qb6 8. a3 a5 9. Nf3 f6 10. h4 Be7 11. Ng3 cxd4 12. cxd4 f5 13. h5 h6 14. Ne2 Qd8 15. Nc3 Nb6 16. Bd3 O-O 17. Be3 a4 18. Nd2 Bh4+ 19. Kf1 Na5 20. Qe2 Bd7 21. g4 Nac4 22. gxf5 Nxe3+ 23. Qxe3 exf5 24. Ke2 Be6 25. Rag1 Kh8 26. Rg6 Bf7 27. Rd6 Bxh5+ 28. Kf1 Qc7 29. Rxh4 Bg4 30. Kf2 Rae8 31. Qg3 Nc8 32. Rxd5 Rd8 33. Rxd8 Rxd8 34. Qe3 Ne7 35. d5 Nxd5 36. Nxd5 Rxd5 37. Rxg4 fxg4 38. Qe4 Qc5+ 39. Kg2 g6 40. Qxg6 Qe7 41. Qxh6+ Kg8 42. Bc4 Qf7 43. Ne4 1-0